[Event "SVK-chT1E 2223"]
[Site "Slovakia"]
[Date "2024.02.03"]
[Round "8.2"]
[White "Kopczyk, Daniel"]
[Black "Csolto, Tibor Jr"]
[Result "1-0"]
[WhiteElo "2269"]
[BlackElo "2276"]
[PlyCount "68"]
[EventDate "2023.10.21"]
[EventType "team-tourn"]
[EventRounds "11"]
[EventCountry "SVK"]
[SourceTitle "EXT 2025"]
[Source "ChessBase"]
[SourceDate "2024.10.14"]
[SourceVersion "1"]
[SourceVersionDate "2024.10.14"]
[SourceQuality "1"]
[WhiteTeam "Stropkov/Svidnik"]
[BlackTeam "Kosice Slavia UPJS"]
[WhiteTeamCountry "SVK"]
[BlackTeamCountry "SVK"]

1. Nf3 c5 2. e4 d6 3. c3 Nf6 4. Bd3 g6 5. 0-0 Bg7 6. Bc2 0-0 7. h3 b6 8. d4 Na6 9. d5 Nc7 10. a4 e5 11. Na3 Nfe8 12. Nc4 f5 13. b4 cxb4 14. cxb4 f4 15. b5 g5 16. Ba3 g4 17. hxg4 Bxg4 18. Qd3 Rf6 19. Nfxe5 dxe5 20. Nxe5 Bd7 21. Nxd7 Qxd7 22. e5 Rh6 23. Rfe1 Nxd5 24. Rad1 Nec7 25. Bb3 Rd8 26. Bd6 Rxd6 27. exd6 Qxd6 28. Qf5 Kh8 29. Bxd5 Rf8 30. Be4 Qh6 31. Qh3 Qxh3 32. gxh3 Ne6 33. Bc6 Nc5 34. Re8 Nxa4 1-0

[Event "SVK-chT1E 2122"]
[Site "Slovakia"]
[Date "2022.01.30"]
[Round "2.1"]
[White "Verbovsky, Michal"]
[Black "Csolto, Tibor Jr"]
[Result "1/2-1/2"]
[WhiteElo "2031"]
[BlackElo "2279"]
[PlyCount "44"]
[EventDate "2022.01.29"]
[EventType "team-tourn"]
[EventRounds "11"]
[EventCountry "SVK"]
[SourceTitle "EXT 2023"]
[Source "ChessBase"]
[SourceDate "2022.10.05"]
[SourceVersion "1"]
[SourceVersionDate "2022.10.05"]
[SourceQuality "1"]
[WhiteTeam "Sabinov"]
[BlackTeam "Kosice Slavia TU"]
[WhiteTeamCountry "SVK"]
[BlackTeamCountry "SVK"]

1. d4 c5 2. d5 e5 3. e4 d6 4. Bd3 g6 5. Ne2 Bg7 6. 0-0 Ne7 7. c4 0-0 8. Nbc3 Nd7 9. a3 f5 10. Rb1 f4 11. f3 h5 12. b4 g5 13. Kf2 Ng6 14. Nb5 Rf6 15. Ng1 Nh4 16. g3 Ng6 17. g4 hxg4 18. fxg4 Nh4 19. Nf3 Nxf3 20. Qxf3 Rh6 21. Kg2 b6 22. Bd2 Kf7 1/2-1/2

[Event "SVK-chT1E 1617"]
[Site "Slovakia"]
[Date "2016.11.19"]
[Round "3.1"]
[White "Csolto, Tibor Jr"]
[Black "Holtman, Teodor"]
[Result "1-0"]
[WhiteElo "2230"]
[BlackElo "2187"]
[PlyCount "93"]
[EventDate "2016.10.15"]
[EventType "team-tourn"]
[EventRounds "11"]
[EventCountry "SVK"]
[SourceTitle "EXT 2018"]
[Source "ChessBase"]
[SourceDate "2017.10.13"]
[SourceVersion "1"]
[SourceVersionDate "2017.10.13"]
[SourceQuality "1"]
[WhiteTeam "Jelsava Magnezit"]
[BlackTeam "Bardejov"]
[WhiteTeamCountry "SVK"]
[BlackTeamCountry "SVK"]

1. e4 e5 2. Nf3 Nc6 3. Bb5 f5 4. Nc3 fxe4 5. Nxe4 d5 6. Ng3 Bg4 7. h3 Bxf3 8. Qxf3 Qd6 9. 0-0 0-0-0 10. c3 e4 11. Qe3 a6 12. Bxc6 Qxc6 13. d3 Nf6 14. dxe4 dxe4 15. Qe2 Bd6 16. Nf5 Qd5 17. Nxd6+ Rxd6 18. Bf4 Re6 19. Rfd1 Qf5 20. Bh2 g5 21. Qc4 Rc6 22. Qd4 Re8 23. Rd2 b6 24. Re1 Kb7 25. a4 Qc5 26. Re3 Qxd4 27. Rxd4 Rce6 28. c4 Nh5 29. Rd7 R8e7 30. Rxe7 Rxe7 31. f3 Nf6 32. Kf2 Kc6 33. a5 b5 34. Rc3 b4 35. Re3 Kc5 36. b3 c6 37. Bg1 Re5 38. Ke1 Kd6 39. Bh2 Ke6 40. Bxe5 Kxe5 41. Kd2 Kd4 42. Re1 h5 43. fxe4 Nxe4+ 44. Kc2 g4 45. hxg4 hxg4 46. Re2 g3 47. Re1 1-0

[Event "SVK-chT1E 1617"]
[Site "Slovakia"]
[Date "2016.10.16"]
[Round "2.1"]
[White "Druska, Juraj"]
[Black "Csolto, Tibor Jr"]
[Result "1/2-1/2"]
[WhiteElo "2448"]
[BlackElo "2217"]
[PlyCount "93"]
[EventDate "2016.10.15"]
[EventType "team-tourn"]
[EventRounds "11"]
[EventCountry "SVK"]
[SourceTitle "CBM 175 Extra"]
[Source "ChessBase"]
[SourceDate "2016.12.12"]
[SourceVersion "1"]
[SourceVersionDate "2016.12.12"]
[SourceQuality "1"]
[WhiteTeam "Liptovska Stiavnica"]
[BlackTeam "Jelsava Magnezit"]
[WhiteTeamCountry "SVK"]
[BlackTeamCountry "SVK"]

1. d4 d5 2. c4 e6 3. Nf3 Nf6 4. g3 Be7 5. Bg2 0-0 6. 0-0 c6 7. Qc2 Nbd7 8. Rd1 a6 9. Nbd2 b5 10. b3 Bb7 11. e4 Qc8 12. c5 dxe4 13. Nxe4 Nxe4 14. Qxe4 Nf6 15. Qc2 Nd5 16. Ng5 Bxg5 17. Bxg5 b4 18. Bd2 a5 19. a3 Ba6 20. Ra2 Qb7 21. Rda1 Bb5 22. Be4 h6 23. Qc1 Rfd8 24. Bc2 Be2 25. Qe1 Bf3 26. Qf1 Nf6 27. axb4 axb4 28. Rxa8 Rxa8 29. Rxa8+ Qxa8 30. Bxb4 Be4 31. Bxe4 Nxe4 32. Qd3 Qa1+ 33. Kg2 f5 34. Qe3 Kf7 35. g4 Qd1 36. gxf5 Qg4+ 37. Kf1 exf5 38. h3 Qd1+ 39. Kg2 g5 40. Ba5 g4 41. hxg4 Qxg4+ 42. Kf1 h5 43. Bd8 h4 44. Qh6 h3 45. Qh7+ Kf8 46. Qh8+ Kf7 47. Qh7+ 1/2-1/2

[Event "SVK-chT2D 1516"]
[Site "Slovakia"]
[Date "2016.01.24"]
[Round "7.2"]
[White "Najgebauer, Szemjon"]
[Black "Csolto, Tibor Jr"]
[Result "1-0"]
[WhiteElo "2165"]
[BlackElo "2222"]
[PlyCount "117"]
[EventDate "2015.10.17"]
[EventType "team-tourn"]
[EventRounds "11"]
[EventCountry "SVK"]
[SourceTitle "EXT 2017"]
[Source "ChessBase"]
[SourceDate "2016.10.25"]
[SourceVersion "1"]
[SourceVersionDate "2016.10.25"]
[SourceQuality "1"]
[WhiteTeam "Kosice Slavia UPJS III"]
[BlackTeam "Kosice 1 CC"]
[WhiteTeamCountry "SVK"]
[BlackTeamCountry "SVK"]

1. d4 c5 2. Nf3 cxd4 3. Nxd4 Nc6 4. c4 g6 5. e4 Bg7 6. Be3 Nf6 7. Nc3 Ng4 8. Qxg4 Nxd4 9. Qd1 Nc6 10. Qd2 d6 11. Be2 Ne5 12. h3 Be6 13. Bd4 f6 14. b3 Nc6 15. Be3 0-0 16. Rd1 f5 17. exf5 gxf5 18. Nd5 Kh8 19. Nf4 Bf7 20. Nh5 Bxh5 21. Bxh5 f4 22. Bxf4 Rxf4 23. Qxf4 Qa5+ 24. Kf1 Qxh5 25. Rd5 Be5 26. Qg4 Qh6 27. g3 Rg8 28. Qe4 Qf6 29. Kg2 Qg7 30. Rd3 Bf6 31. Rhd1 Ne5 32. Re3 Nc6 33. Red3 a5 34. Rd5 Be5 35. R5d3 Bc3 36. Rf3 Bb4 37. Rd5 e5 38. Rb5 Bc5 39. Qd5 Nd8 40. Rxa5 Rf8 41. Ra8 Ne6 42. Rfxf8+ Nxf8 43. a3 Qf6 44. Qf3 Qxf3+ 45. Kxf3 Kg7 46. b4 Bd4 47. Rd8 Bb2 48. Rxd6 Bxa3 49. Rb6 Kf7 50. Ke4 Nd7 51. Rxb7 Ke7 52. Kd3 Kd6 53. Kc3 Nf6 54. Rb6+ Ke7 55. f3 Nd7 56. Ra6 Bc1 57. c5 Nb8 58. Ra7+ Ke6 59. Kc4 1-0

[Event "SVK-chT1E 1415"]
[Site "Slovakia"]
[Date "2015.03.14"]
[Round "10.3"]
[White "Peterson, Eric"]
[Black "Csolto, Tibor Jr"]
[Result "0-1"]
[WhiteElo "2193"]
[BlackElo "2227"]
[PlyCount "98"]
[EventDate "2014.10.18"]
[EventType "team-tourn"]
[EventRounds "11"]
[EventCountry "SVK"]
[SourceTitle "EXT 2016"]
[Source "ChessBase"]
[SourceDate "2015.10.08"]
[SourceVersion "1"]
[SourceVersionDate "2015.10.08"]
[SourceQuality "1"]
[WhiteTeam "Sabinov"]
[BlackTeam "Jelsava"]
[WhiteTeamCountry "SVK"]
[BlackTeamCountry "SVK"]

1. e4 c5 2. c3 d5 3. exd5 Qxd5 4. d4 e6 5. Nf3 cxd4 6. cxd4 Nf6 7. Nc3 Qd8 8. Bc4 Be7 9. 0-0 0-0 10. Bf4 a6 11. a3 b5 12. Ba2 Bb7 13. Re1 Nd5 14. Bd2 Nxc3 15. Bxc3 Bd5 16. Bb1 Nd7 17. Ne5 f5 18. Ba2 Nf6 19. Bxd5 Qxd5 20. Qe2 Rfe8 21. Nd3 Bd6 22. f3 Rac8 23. Qd2 Rc4 24. Re2 Qc6 25. Rae1 Nd5 26. Ne5 Bxe5 27. Rxe5 a5 28. Bxa5 Rc2 29. Qg5 Rxb2 30. Rc1 Rc2 31. Rce1 h6 32. Qh4 Ra2 33. R5e2 Rxe2 34. Rxe2 Qc4 35. Qf2 Ra8 36. Bb4 Nxb4 37. axb4 Ra1+ 38. Re1 Rxe1+ 39. Qxe1 Qxd4+ 40. Kh1 Kf7 41. h3 Kf6 42. g4 f4 43. Qh4+ Ke5 44. Qh5+ g5 45. Qxh6 Qd1+ 46. Kg2 Qe2+ 47. Kg1 Qe1+ 48. Kg2 Qg3+ 49. Kf1 Qxf3+ 0-1

[Event "SVK-chT1E 1415"]
[Site "Slovakia"]
[Date "2015.02.28"]
[Round "8.3"]
[White "Csolto, Tibor Jr"]
[Black "Zvarik, Martin"]
[Result "1/2-1/2"]
[WhiteElo "2227"]
[BlackElo "2243"]
[PlyCount "61"]
[EventDate "2014.10.18"]
[EventType "team-tourn"]
[EventRounds "11"]
[EventCountry "SVK"]
[SourceTitle "EXT 2016"]
[Source "ChessBase"]
[SourceDate "2015.10.08"]
[SourceVersion "1"]
[SourceVersionDate "2015.10.08"]
[SourceQuality "1"]
[WhiteTeam "Jelsava"]
[BlackTeam "Zilina"]
[WhiteTeamCountry "SVK"]
[BlackTeamCountry "SVK"]

1. d4 Nf6 2. Nc3 d5 3. Bg5 Nbd7 4. Nf3 c6 5. Qd2 e6 6. e4 dxe4 7. Ne5 Bb4 8. a3 Be7 9. Nxd7 Bxd7 10. Bxf6 gxf6 11. Nxe4 Qb6 12. Qc3 0-0-0 13. 0-0-0 Rhg8 14. g3 f5 15. Nc5 Kb8 16. Be2 Bc8 17. Qe3 Bg5 18. f4 Bf6 19. c3 Qc7 20. b4 b6 21. Nb3 Bb7 22. Rhe1 Rd7 23. a4 Rgd8 24. a5 Qd6 25. Kb2 Qd5 26. Bf3 Qb5 27. axb6 axb6 28. Kc2 Qc4 29. Be2 Qd5 30. Bf3 Qc4 31. Be2 1/2-1/2

[Event "SVK-chT 1314"]
[Site "Slovakia"]
[Date "2014.03.09"]
[Round "8.6"]
[White "Csolto, Tibor Jr"]
[Black "Motycakova, Monika"]
[Result "1-0"]
[WhiteElo "2198"]
[BlackElo "2111"]
[PlyCount "71"]
[EventDate "2013.11.09"]
[EventType "team-tourn"]
[EventRounds "11"]
[EventCountry "SVK"]
[SourceTitle "EXT 2015"]
[Source "ChessBase"]
[SourceDate "2014.11.20"]
[SourceVersion "1"]
[SourceVersionDate "2014.11.20"]
[SourceQuality "1"]
[WhiteTeam "Kosice Slavia UPJS"]
[BlackTeam "Cadca"]
[WhiteTeamCountry "SVK"]
[BlackTeamCountry "SVK"]

1. d4 d5 2. Nc3 Nf6 3. Bg5 Bf5 4. Bxf6 exf6 5. e3 c6 6. Nge2 Bd6 7. Ng3 Bg6 8. Bd3 Qc8 9. Qf3 Qe6 10. 0-0-0 0-0 11. Nf5 Bxf5 12. Bxf5 Qe7 13. g4 Na6 14. h4 g6 15. Bd3 Nb4 16. Be2 a5 17. h5 b5 18. hxg6 fxg6 19. Rh6 Ra7 20. Rdh1 Qe6 21. Qh3 Qf7 22. a3 Rb8 23. axb4 axb4 24. Nb1 Bf8 25. Rh4 Rbb7 26. Qf3 Qe6 27. Bd3 Rc7 28. b3 c5 29. dxc5 Rxc5 30. Kd1 Qe5 31. Nd2 Rc3 32. Ke2 Rcc7 33. Rc1 Ra2 34. Rhh1 Bg7 35. Qf4 Qe7 36. Ra1 1-0

[Event "SVK-chT2C 1314"]
[Site "Slovakia"]
[Date "2014.01.12"]
[Round "6.2"]
[White "Halak, Miklos"]
[Black "Csolto, Tibor Jr"]
[Result "0-1"]
[WhiteElo "2150"]
[BlackElo "2198"]
[PlyCount "62"]
[EventDate "2013.10.19"]
[EventType "team-tourn"]
[EventRounds "11"]
[EventCountry "SVK"]
[SourceTitle "EXT 2015"]
[Source "ChessBase"]
[SourceDate "2014.11.20"]
[SourceVersion "1"]
[SourceVersionDate "2014.11.20"]
[SourceQuality "1"]
[WhiteTeam "Cebovce"]
[BlackTeam "Jelsava Magnezit"]
[WhiteTeamCountry "SVK"]
[BlackTeamCountry "SVK"]

1. e4 c5 2. c3 d5 3. exd5 Qxd5 4. d4 cxd4 5. cxd4 e6 6. Nc3 Qd8 7. Nf3 Nf6 8. Bd3 Be7 9. 0-0 0-0 10. Bf4 Nc6 11. Rc1 Nb4 12. Bb1 b6 13. a3 Nbd5 14. Bg3 Bb7 15. Ne2 Nh5 16. Qd3 g6 17. Be5 Bg5 18. Nxg5 Qxg5 19. Bg3 Nxg3 20. hxg3 h5 21. Nc3 Nxc3 22. Rxc3 Rac8 23. Rxc8 Rxc8 24. Qe3 Qd5 25. f3 Qd6 26. f4 Qd5 27. Rf2 Rc4 28. Kh2 Qxd4 29. Qe2 Rc1 30. Bd3 Bd5 31. Qd2 Rd1 0-1

[Event "SVK-chT2C 1314"]
[Site "Slovakia"]
[Date "2014.01.11"]
[Round "5.2"]
[White "Csolto, Tibor Jr"]
[Black "Giertli, Vladimir"]
[Result "1-0"]
[WhiteElo "2198"]
[BlackElo "2069"]
[PlyCount "113"]
[EventDate "2013.10.19"]
[EventType "team-tourn"]
[EventRounds "11"]
[EventCountry "SVK"]
[SourceTitle "EXT 2015"]
[Source "ChessBase"]
[SourceDate "2014.11.20"]
[SourceVersion "1"]
[SourceVersionDate "2014.11.20"]
[SourceQuality "1"]
[WhiteTeam "Jelsava Magnezit"]
[BlackTeam "Banska Bystrica Veza"]
[WhiteTeamCountry "SVK"]
[BlackTeamCountry "SVK"]

1. e4 e5 2. Nc3 Nc6 3. Bc4 Nf6 4. d3 d6 5. Nge2 Be6 6. 0-0 Bxc4 7. dxc4 Be7 8. a3 0-0 9. Qd3 Nd7 10. b4 a5 11. Rb1 axb4 12. axb4 Qc8 13. Nd5 Re8 14. Be3 Bf8 15. Ra1 Rb8 16. Bg5 Nd8 17. Bxd8 Qxd8 18. Rfb1 c6 19. Ndc3 Qc7 20. Ng3 g6 21. Rb3 Be7 22. Rd1 Nf8 23. Nge2 Ra8 24. g3 Ne6 25. Kg2 Ra7 26. h4 Rea8 27. h5 Ra3 28. hxg6 hxg6 29. Nb1 Rxb3 30. Qxb3 Qb6 31. f4 Kg7 32. Rf1 Nd4 33. Qe3 c5 34. b5 Nxc2 35. Qf2 f6 36. Nbc3 Nd4 37. Nd5 Qd8 38. Nxd4 cxd4 39. f5 g5 40. Qe2 Bf8 41. Rh1 Qa5 42. Kh3 Qd8 43. Kg4 Kf7 44. Qh2 Bg7 45. Qh7 Kf8 46. b6 Rc8 47. Qg6 Qe8 48. Nc7 Qxg6 49. fxg6 Ke7 50. Rh7 Rg8 51. Kf5 Kd7 52. Nd5 Kc6 53. Ne7+ Kc5 54. Nxg8 d3 55. Ke6 Kd4 56. Kf7 d2 57. Rh1 1-0

[Event "SVK-chT 1213"]
[Site "Slovakia"]
[Date "2013.03.03"]
[Round "11.5"]
[White "Csolto, Tibor Jr"]
[Black "Mazur, Stefan"]
[Result "1/2-1/2"]
[WhiteElo "2205"]
[BlackElo "2388"]
[PlyCount "146"]
[EventDate "2012.10.27"]
[EventType "team-tourn"]
[EventRounds "11"]
[EventCountry "SVK"]
[SourceTitle "EXT 2014"]
[Source "ChessBase"]
[SourceDate "2013.11.20"]
[SourceVersion "1"]
[SourceVersionDate "2013.11.20"]
[SourceQuality "1"]
[WhiteTeam "Kosice"]
[BlackTeam "Dunajska Streda"]
[WhiteTeamCountry "SVK"]
[BlackTeamCountry "SVK"]

1. e4 e5 2. Nf3 Nc6 3. Bb5 a6 4. Ba4 Nf6 5. Qe2 b5 6. Bb3 Be7 7. c3 d6 8. 0-0 0-0 9. Rd1 Na5 10. Bc2 c5 11. d3 Nc6 12. Nbd2 Re8 13. Nf1 h6 14. Ng3 Bf8 15. h3 Qc7 16. Nh4 g6 17. Rf1 Qd8 18. Nf3 d5 19. Nh2 Be6 20. Ng4 Nxg4 21. hxg4 Qh4 22. exd5 Bxd5 23. Bb3 Bxb3 24. axb3 e4 25. Nxe4 f5 26. gxf5 gxf5 27. g3 Qe7 28. Qh5 Qf7 29. Qxf7+ Kxf7 30. Nd2 Red8 31. Nf3 Rxd3 32. Be3 a5 33. Rfd1 Rxd1+ 34. Rxd1 Rd8 35. Ra1 h5 36. Kg2 Be7 37. Rh1 Kg6 38. Re1 Rd5 39. c4 bxc4 40. bxc4 Rd3 41. Bxc5 Bxc5 42. Re6+ Kg7 43. Rxc6 Bb4 44. Re6 Rb3 45. Re2 Kf6 46. Nd4 Rd3 47. Nc6 Bd2 48. Ne5 Rd8 49. c5 Bb4 50. Nc6 Rd2 51. Kf3 Rd3+ 52. Re3 Rxe3+ 53. fxe3 Bxc5 54. Nxa5 Bb4 55. Nc6 Be1 56. b4 Ke6 57. b5 Kd7 58. Nd4 h4 59. Nxf5 hxg3 60. Nxg3 Kc7 61. Nf5 Kb6 62. Nd4 Kc5 63. Ke2 Bh4 64. Kd3 Bf2 65. Kd2 Bg1 66. Ke2 Bh2 67. Kf2 Be5 68. Kf3 Bh2 69. Ke2 Bg1 70. Kf3 Bh2 71. Kg2 Be5 72. Kf2 Bxd4 73. exd4+ Kxb5 1/2-1/2

[Event "SVK-chT2C 1213"]
[Site "Slovakia"]
[Date "2012.12.02"]
[Round "4.1"]
[White "Kantorik, Marian"]
[Black "Csolto, Tibor Jr"]
[Result "1-0"]
[WhiteElo "2331"]
[BlackElo "2205"]
[PlyCount "111"]
[EventDate "2012.10.13"]
[EventType "team-tourn"]
[EventRounds "11"]
[EventCountry "SVK"]
[SourceTitle "EXT 2015"]
[Source "ChessBase"]
[SourceDate "2014.11.20"]
[SourceVersion "1"]
[SourceVersionDate "2014.11.20"]
[SourceQuality "1"]
[WhiteTeam "Dunajov II"]
[BlackTeam "Jelsava"]
[WhiteTeamCountry "SVK"]
[BlackTeamCountry "SVK"]

1. e4 c5 2. c3 d5 3. exd5 Qxd5 4. d4 cxd4 5. cxd4 e6 6. Nf3 Nf6 7. Nc3 Qd8 8. Bc4 Be7 9. 0-0 0-0 10. Ne5 Nbd7 11. Bf4 Nb6 12. Bb3 Nbd5 13. Bg3 Nxc3 14. bxc3 Ne4 15. Rc1 Nxg3 16. hxg3 Bd6 17. Qe2 Qc7 18. Nc4 b6 19. Nxd6 Qxd6 20. Rfd1 Bb7 21. c4 Rac8 22. a4 Rfd8 23. Qa2 Qc6 24. f3 Qc7 25. Qf2 e5 26. d5 Qc5 27. Re1 f6 28. f4 Qxf2+ 29. Kxf2 exf4 30. gxf4 Kf8 31. Ke3 Rc5 32. Rcd1 Ba6 33. Rd4 Re8+ 34. Kd2 Rxe1 35. Kxe1 Ke7 36. Kd2 Kd6 37. Re4 Rc7 38. Re6+ Kc5 39. Kc3 Bc8 40. Re8 Bf5 41. Bd1 Bg6 42. Rd8 Re7 43. Rc8+ Kd6 44. Rc6+ Kd7 45. a5 bxa5 46. Ba4 Kd8 47. Ra6 h5 48. Kd4 h4 49. d6 Re4+ 50. Kd5 Rxf4 51. Rxa7 Be4+ 52. Ke6 Bf5+ 53. Kd5 Be4+ 54. Kc5 Rf5+ 55. Kd4 Bd5 56. Re7 1-0

[Event "SVK-chT1E 1011"]
[Site "Slovakia"]
[Date "2011.03.20"]
[Round "9"]
[White "Csolto, Tibor Jr"]
[Black "Zvarikova, Alexandra"]
[Result "0-1"]
[WhiteElo "2198"]
[BlackElo "2018"]
[PlyCount "88"]
[EventDate "2010.11.06"]
[EventType "team-tourn"]
[EventRounds "11"]
[EventCountry "SVK"]
[SourceTitle "EXT 2012"]
[Source "ChessBase"]
[SourceDate "2011.11.24"]
[SourceVersion "1"]
[SourceVersionDate "2011.11.24"]
[SourceQuality "1"]
[WhiteTeam "Kosice Slavia II"]
[BlackTeam "Zilina"]
[WhiteTeamCountry "SVK"]
[BlackTeamCountry "SVK"]

1. e4 e6 2. d4 d5 3. Nc3 Nf6 4. Bg5 Bb4 5. e5 h6 6. Bd2 Bxc3 7. Bxc3 Ne4 8. Qd3 b6 9. Qe3 Ba6 10. Ne2 c5 11. 0-0-0 Nc6 12. f3 Nxc3 13. bxc3 Qe7 14. Kd2 Rc8 15. dxc5 bxc5 16. Rb1 0-0 17. Ke1 Rfd8 18. Kf2 d4 19. Qf4 d3 20. cxd3 Bxd3 21. Rd1 Qc7 22. Qe3 Nxe5 23. Ng3 c4 24. Rd2 Qa5 25. Ne2 Bxe2 26. Bxe2 Rxd2 27. Qxd2 Rd8 28. Qb2 Qc5+ 29. Kg3 Qe3 30. Rd1 Nd3 31. Bxd3 cxd3 32. Qd2 Qc5 33. Rb1 Rd5 34. h4 Qd6+ 35. Kh3 Re5 36. Rd1 Rd5 37. Rb1 Qc7 38. Rb4 e5 39. Rg4 Qd7 40. Kh2 Qd6 41. Rb4 e4+ 42. g3 e3 43. Qxe3 d2 44. Qe8+ Qf8 0-1

[Event "SVK-chT2C 10/11"]
[Site "Slovakia"]
[Date "2011.02.05"]
[Round "6.4"]
[White "Csolto, Tibor Jr"]
[Black "Valuska, Pavel"]
[Result "1-0"]
[WhiteElo "2198"]
[BlackElo "1997"]
[PlyCount "80"]
[EventDate "2010.10.23"]
[EventType "team-tourn"]
[EventRounds "11"]
[EventCountry "SVK"]
[SourceTitle "EXT 2019"]
[Source "ChessBase"]
[SourceDate "2018.10.10"]
[SourceVersion "1"]
[SourceVersionDate "2018.10.10"]
[SourceQuality "1"]
[WhiteTeam "Jelsava SK Magnezit"]
[BlackTeam "Zvolen Slavia"]
[WhiteTeamCountry "SVK"]
[BlackTeamCountry "SVK"]

1. e4 c6 2. d4 d5 3. e5 Bf5 4. Nc3 Qc8 5. Be3 a6 6. Be2 b5 7. g4 Bd7 8. f4 e6 9. Bf3 c5 10. Nge2 cxd4 11. Nxd4 Bb4 12. 0-0 Bxc3 13. bxc3 Qxc3 14. Qe2 Nc6 15. Rad1 Nxd4 16. Bxd4 Qc4 17. Qf2 Ne7 18. Be2 Qc6 19. Bd3 h5 20. h3 hxg4 21. hxg4 g6 22. Kg2 Qb7 23. Rh1 0-0-0 24. a4 Rxh1 25. Rxh1 bxa4 26. Rh7 Rf8 27. Bc5 Bb5 28. Bd6 Bxd3 29. cxd3 Kd7 30. Bxe7 d4+ 31. Kg3 Kxe7 32. Qxd4 Qc6 33. Qb4+ Ke8 34. Rh2 g5 35. Rb2 gxf4+ 36. Qxf4 f5 37. exf6 Kf7 38. Rh2 Qb6 39. Rh7+ Ke8 40. Qxa4+ Kd8 1-0